[Event "HCL-C054"]
[Site "www.playchess.de"]
[Date "2001.03.06"]
[Round "10"]
[White "Mother_Teresa"]
[Black "camos"]
[WhiteElo "1161"]
[BlackElo "965"]
[PlyCount "91"]
[Result "1-0"]

1.e4 e5 2.Nf3 Nc6 3.d4 exd4 4.Nxd4 a5 5.Nxc6 bxc6 
6.Bc4 Ba6 7.Nd2 Bd6 8.O-O Qe7 9.Qf3 Kd8 10.Re1 Qe5 
11.g3 Bb5 12.Qxf7 Nf6 13.Bxb5 cxb5 14.Nf3 Qh5 
15.Qxg7 Rf8 16.e5 Qxf3 17.exf6 Rxf6 18.Be3 Rg6 
19.Qh8+ Bf8 20.Qxh7 Raa6 21.Qh4+ Raf6 22.Qh3 Be7 
23.Qg2 Rg8 24.Qxf3 Rxf3 25.Rad1 Bh4 26.Kg2 Rgf8 
27.gxh4 R3f5 28.f4 Rg8+ 29.Kf3 Rh5 30.Bf2 c6 
31.Re5 Rgh8 32.Rxh5 Rxh5 33.Kg4 Rh8 34.Re1 Rg8+ 
35.Kh3 b4 36.h5 a4 37.Bc5 d5 38.Bxb4 Rh8 39.Kh4 
Rg8 40.h6 Rg2 41.h3 Rxc2 42.h7 Rc4 43.h8Q+ Kc7 
44.Re7+ Kb6 45.Qb8+ Ka6 46.Ra7+ 1-0

[Event "HCL-B095"]
[Site "www.playchess.de"]
[Date "2001.03.07"]
[Round "7"]
[White "Gruhni"]
[Black "chess_biggi"]
[WhiteElo "1431"]
[BlackElo "1200"]
[PlyCount "61"]
[Result "1-0"]

1.e4 d6 2.d4 e6 3.Nf3 Be7 4.Nc3 Bd7 5.Bc4 c6 6.Ng5 
Bxg5 7.f4 Bh4+ 8.g3 Nh6 9.Qf3 Be7 10.Be3 d5 11.Bb3 
b6 12.e5 O-O 13.h4 Nf5 14.g4 Nxh4 15.Qh3 h6 16.Bf2 
Ng6 17.Bg3 f6 18.O-O-O fxe5 19.fxe5 c5 20.a3 Nc6 
21.Ne2 cxd4 22.Nxd4 Nxd4 23.Rxd4 Bc5 24.Rdd1 Qg5+ 
25.Kb1 Nxe5 26.Rdf1 Nf3 27.Ka2 Bb5 28.Rfd1 Be2 
29.Rdb1 Nd2 30.Rbe1 Bxg4 31.Bh4 1-0

[Event "HCL-B102"]
[Site "www.playchess.de"]
[Date "2001.03.07"]
[Round "4"]
[White "Schwachspieler"]
[Black "Scorpio"]
[WhiteElo "1200"]
[BlackElo "1300"]
[PlyCount "34"]
[Result "0-1"]

1.d4 d5 2.Nf3 Nf6 3.Bg5 Ne4 4.Bf4 Nc6 5.e3 e6 
6.Bb5 Bd7 7.O-O Be7 8.Nbd2 O-O 9.Nxe4 dxe4 10.Nd2 
f5 11.Nc4 a6 12.Bxc6 Bxc6 13.Ne5 Qe8 14.h3 Rd8 
15.a3 Bb5 16.c4 Bc6 17.Qb3 b6 0-1

[Event "HCL-B120"]
[Site "www.playchess.de"]
[Date "2001.03.07"]
[Round "5"]
[White "Sportman"]
[Black "TI"]
[WhiteElo "1200"]
[BlackElo "1458"]
[PlyCount "42"]
[Result "0-1"]

1.d4 Nf6 2.e3 d5 3.Bd3 e6 4.Nd2 Be7 5.Ngf3 O-O 
6.Kf1 c5 7.c3 b6 8.Ne5 Bb7 9.Ndf3 Nbd7 10.h3 Nxe5 
11.Nxe5 Nd7 12.Qh5 Nf6 13.Qe2 c4 14.Bc2 b5 15.f4 
a5 16.f5 b4 17.cxb4 axb4 18.fxe6 fxe6 19.b3 cxb3 
20.Bxb3 Ba6 21.Nd3 Ne4+ 0-1

[Event "HCL-B142"]
[Site "www.playchess.de"]
[Date "2001.03.07"]
[Round "25"]
[White "cobra"]
[Black "tuzlak"]
[WhiteElo "1200"]
[BlackElo "700"]
[PlyCount "29"]
[Result "1-0"]

1.e4 e5 2.Nf3 Nc6 3.d3 Nf6 4.b3 Bc5 5.h3 Nd4 6.Be2 
Nxe2 7.Qxe2 O-O 8.Nxe5 Bd4 9.f4 {That'l teach me 
to go porn hunting eh'}  Bxa1 10.Ng4 Nxg4 {sorry 
but such things are not for kids}  11.hxg4 d5 
{that'll teach you who you are, leave such things 
for adults, ok kid?}  12.e5 Re8 {is that all your 
mom taught you?}  13.g5 b6 14.Qh5 Bf5 
15.g4 1-0

[Event "HCL-C096"]
[Site "www.playchess.de"]
[Date "2001.03.07"]
[Round "5"]
[White "ASLMB2004"]
[Black "Eddie"]
[WhiteElo "1000"]
[BlackElo "1000"]
[PlyCount "58"]
[Result "0-1"]

1.e4 e5 2.Nf3 Nc6 3.Bb5 d6 4.c3 Bg4 5.Qb3 Bxf3 
6.gxf3 Qf6 7.d3 Qxf3 8.Rg1 O-O-O 9.Nd2 Qf6 10.Nc4 
Qe6 11.Bxc6 bxc6 12.Na5 Qxb3 13.axb3 Ne7 14.d4 
exd4 15.cxd4 h6 16.d5 cxd5 17.b4 dxe4 18.Rg4 d5 
19.b3 Rd6 20.b5 a6 21.bxa6 Rxa6 22.b4 Nc6 23.Nb3 
Rxa1 24.Nxa1 Bxb4+ 25.Bd2 Bxd2+ 26.Kxd2 g5 27.Kc3 
f5 28.Rg1 Kd7 29.Nb3 Kd6 0-1

[Event "HCL-C140"]
[Site "www.playchess.de"]
[Date "2001.03.07"]
[Round "7"]
[White "ve7wln"]
[Black "hhh"]
[WhiteElo "1322"]
[BlackElo "878"]
[PlyCount "37"]
[Result "1-0"]

1.e4 e5 2.Nf3 d6 3.Bb5+ Bd7 4.Bxd7+ Qxd7 5.d3 Nc6 
6.O-O O-O-O 7.c3 Nf6 8.Be3 h6 9.Nbd2 Ng4 10.d4 d5 
{hallo!}  11.dxe5 Ncxe5 12.h3 {Hello}  Nxe3 {where 
are you from?}  13.fxe3 {Canada, BC}  Bc5 {oh, 
near vancouver? I have some relatives there}  
14.Nxe5 {Yes I am about 500km north and 400 east 
in the middle of the Province of BC}  Qe6 15.Qg4 
Qxg4 {i'm sorry i'm not so able to play chess!!! 
:)}  16.Nxg4 h5 17.Nb3 {It has taken me about a 
year of hard work to get as good as I am. I study 
alot. Just work at it .}  Bd6 {other two moves 
then i'll close this funny game ok?}  18.Nf2 dxe4 
19.Nxe4 1-0

[Event "HCL-M009"]
[Site "www.playchess.de"]
[Date "2001.03.07"]
[Round "6"]
[White "Bronislaw"]
[Black "messeer"]
[WhiteElo "2317"]
[BlackElo "2200"]
[PlyCount "61"]
[Result "1-0"]

1.e4 c5 2.Nf3 Nc6 3.d4 cxd4 4.Nxd4 Nf6 5.Nc3 e5 
6.Ndb5 d6 7.a4 a6 8.Na3 Bg4 9.f3 Be6 10.Bc4 Qb6 
11.Bxe6 fxe6 12.Nc4 Qb4 13.Ne3 O-O-O 14.O-O d5 
15.exd5 exd5 16.Nf5 h5 17.Bg5 h4 18.Re1 Qxb2 
19.Bxf6 gxf6 20.Nxd5 Bc5+ 21.Kh1 Nb4 22.Rb1 Qa2 
23.Nfe7+ Bxe7 24.Nxe7+ Kb8 25.Qe2 Qxa4 26.Qe4 Rd4 
27.Qg6 h3 28.Qxf6 hxg2+ 29.Kg1 Rhd8 30.c3 R4d6 
31.Qh4 1-0

[Event "ACL-A066"]
[Site "www.playchess.de"]
[Date "2001.03.07"]
[Round "6"]
[White "fadda"]
[Black "tuzlak"]
[WhiteElo "1229"]
[BlackElo "1335"]
[PlyCount "21"]
[Result "1-0"]

1.e4 e5 2.Nf3 Nc6 3.Bc4 Bc5 4.Ng5 Qxg5 5.d4 Qg6 
6.dxc5 Qxe4+ 7.Qe2 Qxg2 8.Qf1 Qe4+ 9.Be3 Qxc2 
10.Qe2 Qxe2+ 11.Bxe2 1-0

[Event "ACL-A066"]
[Site "www.playchess.de"]
[Date "2001.03.07"]
[Round "7"]
[White "comitnt014"]
[Black "Goofy"]
[WhiteElo "1500"]
[BlackElo "1740"]
[PlyCount "40"]
[Result "0-1"]

1.d4 Nf6 2.Nf3 e6 3.Ne5 b6 4.e3 Bb7 5.Nc3 Bb4 6.f3 
O-O 7.Bd2 d6 8.Nc4 c5 9.Nb5 Bxd2+ 10.Qxd2 d5 
11.Ncd6 Bc6 12.Qf2 a6 13.Nxf7 Rxf7 14.Nc3 Nbd7 
15.g4 Nxg4 16.Qe2 Qh4+ 17.Kd2 Raf8 18.f4 e5 
19.dxe5 Ndxe5 20.fxe5 R7f2 0-1

[Event "ACL-A073"]
[Site "www.playchess.de"]
[Date "2001.03.07"]
[Round "28"]
[White "Benjamin"]
[Black "Yogibear"]
[WhiteElo "1500"]
[BlackElo "1771"]
[PlyCount "44"]
[Result "1/2-1/2"]

1.e4 c6 {have a nice game!}  2.d4 {thanks you 
too!}  d5 3.Nc3 dxe4 4.Nxe4 Nd7 5.Bc4 Ngf6 6.Ng5 
e6 7.Qe2 Nb6 8.Bd3 h6 9.N5f3 c5 10.dxc5 Bxc5 
11.Ne5 Nbd7 12.Ngf3 Qc7 13.O-O O-O 14.Bf4 Bd6 
15.Rae1 Nc5 16.Bg3 Rd8 17.Red1 Nh5 18.Nc4 Nxg3 
19.hxg3 Nxd3 20.Nxd6 Rxd6 21.Rxd3 Rxd3 22.Qxd3 
e5 1/2-1/2

[Event "ACL-A078"]
[Site "www.playchess.de"]
[Date "2001.03.07"]
[Round "32"]
[White "peze3"]
[Black "Tony"]
[WhiteElo "1950"]
[BlackElo "1881"]
[PlyCount "57"]
[Result "1-0"]

1.e4 d6 {Have nice game!!}  2.d4 {Hi, let's have 
an interesting game.}  Nf6 3.Nc3 g6 4.f4 Bg7 5.Nf3 
O-O 6.Bd3 Bg4 7.h3 Bxf3 8.Qxf3 Nc6 9.Be3 e5 
10.dxe5 dxe5 11.f5 Nb4 12.O-O-O c6 13.fxg6 hxg6 
14.Bc5 Qa5 15.Bxf8 Rxf8 16.Kb1 b5 17.Be2 Na6 
18.Rd6 b4 19.Rxf6 Bxf6 20.Qxf6 bxc3 21.Bc4 Qb4 
{Your chess program is too trong for me!!}  
22.Qxg6+ {I do use the database "ChessBase 8" 
only. No chess engine!}  Kh8 23.Qh5+ Kg8 24.Bb3 
{Thanks for your mail ! :-)}  Qxe4 {Happy day!!}  
25.Rf1 Kg7 26.Qg5+ Qg6 27.Qxe5+ f6 28.Qe7+ Rf7 
29.Bxf7 1-0

[Event "HCL-A066"]
[Site "www.playchess.de"]
[Date "2001.03.07"]
[Round "13"]
[White "sazex"]
[Black "BK_Chess"]
[WhiteElo "1830"]
[BlackElo "1700"]
[PlyCount "39"]
[Result "1-0"]

1.e4 c5 {Hello!}  2.Nf3 e6 3.d4 Nc6 4.d5 exd5 
5.exd5 Qe7+ 6.Be2 Ne5 7.O-O Qf6 8.Re1 d6 9.Bg5 
Nxf3+ 10.Bxf3+ Qe5 11.Bf4 Qxe1+ 12.Qxe1+ Be7 
13.Bxd6 Kd8 14.Qc3 Bf6 15.Qxc5 Bxb2 16.Bc7+ Ke8 
17.Qb5+ Bd7 18.Qxb7 Bxa1 19.Qxa8+ Ke7 
20.Qd8+ 1-0

[Event "HCL-C153"]
[Site "www.playchess.de"]
[Date "2001.03.07"]
[Round "29"]
[White "wildbill"]
[Black "Filk"]
[WhiteElo "1000"]
[BlackElo "1298"]
[PlyCount "27"]
[Result "1-0"]

1.d4 d5 2.Nf3 Nc6 3.e3 e6 4.Bc4 dxc4 5.O-O Nf6 
6.e4 Be7 7.Nc3 O-O 8.Bf4 b6 9.e5 Nd5 10.Qd3 cxd3 
11.Nxd5 Qxd5 12.Bg5 Bxg5 13.Nxg5 dxc2 
14.Nf3 1-0

[Event "HCL-A069"]
[Site "www.playchess.de"]
[Date "2001.03.07"]
[Round "4"]
[White "raghavendrakarthik"]
[Black "Matti"]
[WhiteElo "1585"]
[BlackElo "1677"]
[PlyCount "28"]
[Result "0-1"]

1.c4 Nf6 {Hello. I wish you a good game!}  2.d4 e6 
3.Nc3 d5 4.Nf3 Bb4 5.Bd2 c6 6.cxd5 cxd5 7.Qa4+ Nc6 
8.Ne5 Qb6 9.e3 Bd7 10.Nxd7 Nxd7 11.Bb5 a5 12.a3 
Bd6 13.Bxc6 Qxc6 14.Qxc6 bxc6 0-1

[Event "ACL-A081"]
[Site "www.playchess.de"]
[Date "2001.03.07"]
[Round "18"]
[White "Steve_Jackson"]
[Black "Morpheus"]
[WhiteElo "1500"]
[BlackElo "1364"]
[PlyCount "39"]
[Result "1-0"]

1.d4 Nf6 2.c4 g6 3.Nc3 d5 4.Bf4 Bg7 5.e3 O-O 6.Nf3 
c5 7.dxc5 Qa5 8.Rc1 dxc4 9.Bxc4 Qxc5 10.Qd4 Qxd4 
11.exd4 a6 12.O-O b5 13.Bd5 Nxd5 14.Nxd5 e6 
15.Ne7+ Kh8 16.Nxc8 Nd7 17.Rc7 Raxc8 18.Rxd7 Rc2 
19.Rb1 Ra8 20.Rxf7 1-0

[Event "ACL-A084"]
[Site "www.playchess.de"]
[Date "2001.03.07"]
[Round "4"]
[White "iq160"]
[Black "Brent"]
[WhiteElo "1676"]
[BlackElo "1500"]
[PlyCount "49"]
[Result "1-0"]

1.e4 e5 {hello, good luck to you}  2.Nf3 Nc6 3.d4 
{stud=Brent=hefley???}  exd4 {no, lol, we are all 
teamates though, are openngs are similar.  :) Ill 
tell them u said that lol}  4.Nxd4 {lol}  Qf6 
5.Be3 Bc5 6.c3 d6 7.Bb5 {your openings are 
similar-so are your blunders:-))}  Bd7 {It works 
when we play eachother, if not here then...}  
8.Nd2 a6 {Not a blunder here, u need to b careful} 
 9.Bxc6 {you're really a disgusting character, do 
a favor 2me and resign this game before 10 moves}  
bxc6 {No, do me a favor and dont talk to me you 
arrogant shit}  10.O-O {look what crap u play to 
f6 the nite belongs and not the queen u dumb fool} 
 Ne7 {thatsm one variation, this is just another, 
lets just play, have fun, and not hate eachother  
:)}  11.Qh5 {Bullshit! I'm not gonna suck your 
dick}  O-O {Well, i dont recall saying i wanted to 
but... NO, i try to be nice and...  Go to hell, 
bitch}  12.b4 {read the help-file about games 
finished before 10 moves. It's your disadvantage 
not mine}  Bb6 {why, what happens, does it count 
as a loss by time}  13.Nc4 c5 14.Nxb6 {yes. I'm 
gonna have a break for a couple of days, so long.} 
 cxb6 {thanks, have a good time dude   :~)}  
15.Bg5 Qg6 {brent}  16.Qxg6 Nxg6 {hope u had a fun 
break, welcome back}  17.Nb3 f5 18.Rfd1 fxe4 
19.Rxd6 Rf5 20.Be3 Ne5 21.bxc5 bxc5 22.Nxc5 Bb5 
23.Nxe4 Nc4 24.Rd3 Na3 25.Rd2 1-0

[Event "HCL-E020"]
[Site "www.playchess.de"]
[Date "2001.03.07"]
[Round "24"]
[White "peze2"]
[Black "Jacob"]
[WhiteElo "1836"]
[BlackElo "2041"]
[PlyCount "48"]
[Result "1/2-1/2"]

1.e4 {Hello! Let's have a nice game.}  c6 {Same 
from hire}  2.d4 d5 3.Nd2 dxe4 4.Nxe4 Bf5 5.Ng3 
Bg6 6.h4 h6 7.Nf3 Nd7 8.h5 Bh7 9.Bd3 Bxd3 10.Qxd3 
e6 11.Bf4 Ngf6 12.O-O-O Be7 13.Ne5 Nd5 14.Bd2 Nxe5 
15.dxe5 Qc7 16.f4 O-O-O 17.Qe2 Rd7 18.c4 Nb6 
19.Ba5 Rhd8 20.Rxd7 Rxd7 21.Ne4 c5 22.Rd1 Rxd1+ 
23.Kxd1 Qc6 24.Kc1 Nd7 1/2-1/2

[Event "HCL-B161"]
[Site "www.playchess.de"]
[Date "2001.03.07"]
[Round "7"]
[White "lostpawn2000"]
[Black "CHARON"]
[WhiteElo "1593"]
[BlackElo "1496"]
[PlyCount "40"]
[Result "0-1"]

1.d4 d5 2.c4 e6 3.cxd5 exd5 4.Nc3 Bf5 5.Nf3 Nf6 
6.Bg5 Be7 7.e3 O-O 8.Qb3 Nbd7 9.Nxd5 Nxd5 10.Qxd5 
Bxg5 11.Nxg5 Bg6 12.Qxb7 Qxg5 13.Qxc7 Nb6 14.Qc3 
Rfc8 15.Qb4 Rc2 16.g3 Qf5 17.f4 Qe4 18.Rg1 Qxe3+ 
19.Kd1 Qf3+ 20.Ke1 Re8+ 0-1

[Event "HCL-C168"]
[Site "www.playchess.de"]
[Date "2001.03.07"]
[Round "4"]
[White "sonnygarcia"]
[Black "erlsto"]
[WhiteElo "1116"]
[BlackElo "1000"]
[PlyCount "59"]
[Result "1-0"]

1.e4 c5 2.c3 d6 3.d4 cxd4 4.cxd4 Nf6 5.Nc3 g6 
6.Bg5 Bg7 7.f4 O-O 8.Nf3 Qb6 9.Rb1 Bg4 10.Be2 Nbd7 
11.h3 Bxf3 12.Bxf3 e6 13.O-O Rac8 14.Kh1 h6 
15.Bxf6 Nxf6 16.e5 dxe5 17.dxe5 Rfd8 18.Qe2 Nd7 
19.Qb5 Rc7 20.Qxb6 Nxb6 21.Rfd1 Rdd7 22.Nb5 Rxd1+ 
23.Rxd1 Rc2 24.Rd8+ Kh7 25.Nxa7 Rxb2 26.Bxb7 Nc4 
27.Bf3 Rxa2 28.Nb5 g5 29.Be4+ f5 {sueside!!}  
30.exf6+ {Do you mean "suicide?"} 
 1-0

[Event "HCL-B160"]
[Site "www.playchess.de"]
[Date "2001.03.07"]
[Round "21"]
[White "waz2000"]
[Black "Riza"]
[WhiteElo "1967"]
[BlackElo "1321"]
[PlyCount "33"]
[Result "1-0"]

1.e4 c6 2.d4 d5 3.Nc3 dxe4 4.Nxe4 Nf6 5.Nxf6+ exf6 
6.c3 Bf5 7.Ne2 Be7 8.Ng3 Bg6 9.Be2 O-O 10.O-O Nd7 
11.f4 h6 12.f5 Bh7 13.Bf4 c5 14.Bf3 cxd4 15.Bxb7 
Qb6 16.Bxa8 dxc3+ 17.Kh1 1-0

[Event "HCL-A072"]
[Site "www.playchess.de"]
[Date "2001.03.07"]
[Round "25"]
[White "Flemming"]
[Black "JOPE"]
[WhiteElo "1350"]
[BlackElo "1377"]
[PlyCount "33"]
[Result "1/2-1/2"]

1.d4 {Et Skandinavisk opgør - velkommen!}  Nf6 
{Det er tyskerne vi ska gi tÆsk :) go lykke.}  
2.c4 {Du har helt ret. Jeg skylder Peze en omgang! 
:-)}  g6 3.Nc3 Bg7 4.e4 d6 {blitz :)}  5.f3 O-O 
6.Be3 e5 7.Nge2 {Jeg er på konference i San Diego 
den næste uge, så jeg spiller videre fra d. 18/2}  
Nh5 8.Qd2 f5 9.O-O-O f4 10.Bf2 Nc6 11.d5 Nb4 
12.Kb1 Na6 13.Nc1 Bd7 14.Be2 b6 15.Nd3 Nc5 16.Rdc1 
a5 17.b3 {Jeg tabte til Peze efter et godt parti 
#@!$}  1/2-1/2

[Event "HCL-C171"]
[Site "www.playchess.de"]
[Date "2001.03.07"]
[Round "4"]
[White "sonnyspock"]
[Black "King_Slayer"]
[WhiteElo "1141"]
[BlackElo "1000"]
[PlyCount "50"]
[Result "0-1"]

1.e4 e6 2.d4 d5 3.Nc3 Bb4 4.e5 c5 5.a3 Bxc3+ 
6.bxc3 Ne7 7.Bg5 Qc7 8.Bb5+ Nbc6 9.Nf3 cxd4 
10.cxd4 Qa5+ 11.Qd2 Qxb5 12.Qe2 Qa5+ 13.Bd2 Qb6 
14.c3 Bd7 15.O-O Qa6 16.Qxa6 bxa6 17.Rab1 Rb8 
18.Rxb8+ Nxb8 19.Rb1 O-O 20.Rb7 Nec6 21.h3 Bc8 
22.Rb1 h6 23.Kh2 Rd8 24.g3 Rd7 25.Be3 
Rb7 0-1

[Event "HCL-C170"]
[Site "www.playchess.de"]
[Date "2001.03.07"]
[Round "20"]
[White "Trodat"]
[Black "Michael_Schenk"]
[WhiteElo "1000"]
[BlackElo "1163"]
[PlyCount "83"]
[Result "1-0"]

1.e4 c5 2.Nf3 Nc6 3.d4 cxd4 4.Nxd4 Nf6 5.f3 e5 
6.Nf5 d6 7.Ne3 Be6 8.Bb5 Be7 9.Nc3 O-O 10.Bxc6 
bxc6 11.O-O d5 12.exd5 cxd5 13.Nb1 Qb6 14.Kh1 h5 
15.b3 Rfd8 16.Qe2 Rac8 17.Rd1 Rd7 18.c3 e4 19.fxe4 
Nxe4 20.c4 d4 21.Nc2 Bg4 22.Qxe4 Bxd1 23.Bb2 Bxc2 
24.Qxc2 d3 25.Qd2 Bf6 26.Bxf6 Qxf6 27.Nc3 Re8 
28.Rg1 h4 29.c5 a5 30.a3 Qc6 31.b4 axb4 32.axb4 
Rb8 33.Qf4 h3 34.Qxb8+ Kh7 35.Qg3 hxg2+ 36.Rxg2 g6 
37.b5 Qxc5 38.Qh3+ Kg7 39.Qxd7 Qxc3 40.Qd5 Qe1+ 
41.Rg1 {willst du wirklich noch weiterspielen?}  
d2 {Hast recht. Werde im nächsten Zug aufgeben. 
Ärgerlich 33. ... h3?? Sonst wärs wohl meins 
gewesen ;-)}  42.b6 {sicher, am anfang klarer 
vorteil.}  1-0

[Event "ACL-A092"]
[Site "www.playchess.de"]
[Date "2001.03.07"]
[Round "18"]
[White "Kbeza"]
[Black "HAWAIIANhost"]
[WhiteElo "1500"]
[BlackElo "1500"]
[PlyCount "22"]
[Result "0-1"]

1.f4 e6 2.Nf3 f5 3.e3 g5 4.Nxg5 Nf6 5.Be2 Ng4 
6.Bxg4 fxg4 7.Qxg4 h6 8.Qh5+ Ke7 9.Qf7+ Kd6 
10.Ne4+ Kc6 11.Nbc3 d5 0-1

[Event "HCL-C179"]
[Site "www.playchess.de"]
[Date "2001.03.07"]
[Round "6"]
[White "Chill"]
[Black "tom"]
[WhiteElo "832"]
[BlackElo "1000"]
[PlyCount "28"]
[Result "0-1"]

1.c4 Nc6 2.d4 e6 3.d5 exd5 4.cxd5 Nb4 5.e4 Bc5 
6.Nc3 d6 7.a3 Qf6 8.Nf3 Na6 9.Bg5 Qg6 10.Bb5+ Bd7 
11.Qa4 Nb8 12.O-O c6 13.dxc6 bxc6 14.Bd3 
Nf6 0-1

[Event "HCL-A075"]
[Site "www.playchess.de"]
[Date "2001.03.07"]
[Round "27"]
[White "kondor"]
[Black "Gorodish"]
[WhiteElo "1590"]
[BlackElo "1699"]
[PlyCount "70"]
[Result "1/2-1/2"]

1.e4 c5 2.Nf3 g6 3.Bc4 Bg7 4.O-O Nc6 5.c3 Na5 
6.Be2 Nf6 7.e5 Nd5 8.d4 cxd4 9.cxd4 d6 10.Nc3 Nxc3 
11.bxc3 d5 12.Rb1 O-O 13.Ba3 Bf5 14.Rb2 Rc8 15.Qd2 
b6 16.Nh4 Bd7 17.Rfb1 Nc4 18.Bxc4 Rxc4 19.R2b3 Re8 
20.R3b4 Rc6 21.R4b3 Qc7 22.h3 Bc8 23.Re1 Ba6 
24.Nf3 Bc4 25.Rb2 Qd7 26.Qe3 Re6 27.Qf4 h6 28.Nd2 
Bb5 29.Qg3 Rc8 30.Rb4 a6 31.Re3 Rec6 32.Rb1 Qe6 
33.Rb4 h5 34.Nb1 R6c4 35.Qg5 R4c7 1/2-1/2

[Event "HCL-C179"]
[Site "www.playchess.de"]
[Date "2001.03.07"]
[Round "19"]
[White "tom"]
[Black "lsoule"]
[WhiteElo "1000"]
[BlackElo "872"]
[PlyCount "38"]
[Result "0-1"]

1.e4 {good luck isoule}  c5 {hello from Santa 
Cruz, California - good luck to you too!}  2.Nf3 
d6 3.Nc3 Bg4 4.Bc4 Nf6 5.O-O Nc6 6.d3 e6 7.h3 Bxf3 
8.Qxf3 Nd4 9.Qf4 Qa5 10.Nb5 Nxb5 11.Bd2 Nd4 12.Qe3 
Qc7 13.Rac1 Be7 14.Bc3 e5 15.Bd2 a6 16.a3 b5 
17.Ba2 g5 18.c3 Ne6 19.Bxe6 fxe6 0-1

[Event "HCL-C183"]
[Site "www.playchess.de"]
[Date "2001.03.07"]
[Round "10"]
[White "Tigger"]
[Black "TuffGong"]
[WhiteElo "1000"]
[BlackElo "1479"]
[PlyCount "31"]
[Result "1-0"]

1.e4 {Hello from Wiesbaden, Germany!}  e5 {Hello 
from California, USA}  2.Nf3 {I have been in 
California some years ago. It was a great trip. 
Where do you live?}  b6 {LosAngeles.CA.}  3.Nxe5 
Qg5 4.d4 Qh4 5.Nc3 d6 6.g3 Qe7 7.Nd5 {sorry for my 
late response, I was ill the last days.}  Qd8 {No 
worries, health is first!}  8.Bb5+ c6 9.Nxc6 Nxc6 
10.Bxc6+ Bd7 {.}  11.Bxa8 Qxa8 12.Nc7+ Kd8 13.Nxa8 
Bc6 14.Nxb6 Bxe4 15.Qg4 Bxh1 16.Qd7+ 1-0

[Event "ACL-A095"]
[Site "www.playchess.de"]
[Date "2001.03.07"]
[Round "9"]
[White "chucaniam"]
[Black "Argus"]
[WhiteElo "1500"]
[BlackElo "1500"]
[PlyCount "37"]
[Result "1-0"]

1.e4 {hi}  e5 2.Nf3 Nc6 3.Bb5 a6 4.Ba4 Bc5 5.O-O 
Nf6 6.Nxe5 Nxe5 7.d4 Qe7 8.Bg5 h6 9.dxe5 Qxe5 
10.Bxf6 Qxf6 11.e5 Qxe5 12.Re1 Qe7 13.Rxe7+ Bxe7 
14.Qe2 b5 15.Bb3 O-O 16.Qxe7 Re8 17.Qxe8+ Kh7 
18.Bxf7 Bb7 19.Bg6+ 1-0

[Event "HCL-B184"]
[Site "www.playchess.de"]
[Date "2001.03.07"]
[Round "7"]
[White "iq160"]
[Black "Bauernopfer"]
[WhiteElo "1349"]
[BlackElo "1307"]
[PlyCount "33"]
[Result "1/2-1/2"]

1.c4 e5 2.g3 Nf6 3.Bg2 Nc6 4.Nc3 Bc5 5.a3 {I'm 
gonna have a break for a couple of days, so long.} 
 O-O {Na dann schöner Urlaub.}  6.e3 d6 {.}  
7.Nge2 Bg4 8.O-O Qd7 9.b4 Bb6 10.b5 Nd8 11.a4 a6 
12.Bb2 axb5 13.axb5 Rxa1 14.Bxa1 Re8 15.Bb2 Bh3 
16.d3 Bxg2 17.Kxg2 1/2-1/2

[Event "HCL-A081"]
[Site "www.playchess.de"]
[Date "2001.03.07"]
[Round "3"]
[White "paule"]
[Black "teenspirit"]
[WhiteElo "1960"]
[BlackElo "1722"]
[PlyCount "29"]
[Result "1-0"]

1.e4 g6 {Hi again! well, let's try another 
defense... Still analysing our other game!}  2.d4 
{Hi! I have a lot of work. May be, I shall engage 
on weekend...}  Bg7 {Me too. I can only analyse 
around 30 min every day. Still on position after 
8.d6 :)}  3.f4 {I was compelled to play so that to 
not lose the initiative. It not under the theory?} 
 d6 {my plan a6,b5 and Bb7 taking an eye to d5 and 
afterwards Qd7 and O-O-O is my novelty. d6 best to 
me.}  4.Nf3 {I saw, that you could strengthen a 
position.}  Nd7 {I'll email u giving some 
interesting variations :) think after d6 c5 is 
better than e5.}  5.c3 {I'll look with pleasure}  
c6 {Ok! :)}  6.Bd3 e6 7.O-O Ne7 {I did it again... 
I wanted to play e5.}  8.f5 {Probably, White 
should play very actively. Differently e5 and 
0-0...}  e5 {Yeah, but I wrote e7-e6 instead of 
e7-e5...}  9.fxg6 {I was surprised to yours 
move...}  hxg6 {:)}  10.Ng5 O-O 11.Qe1 f6 12.Ne6 
{I annotated our game (Kiebitz). I wait for your 
opinion...:)}  Qb6 {This weekend my friend... lot 
of work here :(}  13.Nd2 Rf7 14.Nc4 Qa6 {well... 
not my most brilliant game!}  15.Nc7 {Yes. Game 
without Queen is not interesting...(15. ... Qa4 
16.b3)}  1-0

[Event "HCL-A081"]
[Site "www.playchess.de"]
[Date "2001.03.07"]
[Round "5"]
[White "Belka"]
[Black "paule"]
[WhiteElo "1720"]
[BlackElo "1960"]
[PlyCount "68"]
[Result "0-1"]

1.d4 c5 2.d5 e5 3.c4 d6 4.e4 Be7 5.Nc3 Bg5 6.Nf3 
Bxc1 7.Rxc1 a6 8.Be2 Nh6 9.Qd2 O-O 10.h3 Nd7 11.b3 
Re8 12.g4 f6 13.g5 fxg5 14.Nxg5 Nf8 15.Rg1 Qf6 
16.Nd1 Ng6 17.Rc3 Nf4 18.Rcg3 Re7 19.Ne3 Bd7 20.h4 
b5 21.Ng4 Nxg4 22.Bxg4 Bxg4 23.R3xg4 bxc4 24.Ne6 
Nxe6 25.dxe6 cxb3 26.axb3 Qxe6 27.Qg5 Raa7 28.h5 
Rab7 29.h6 g6 30.R1g3 c4 31.bxc4 Ref7 32.Rc3 Rb1+ 
33.Ke2 Rb2+ 34.Ke1 Rbxf2 0-1

[Event "HCL-B184"]
[Site "www.playchess.de"]
[Date "2001.03.07"]
[Round "24"]
[White "quant"]
[Black "Stefan"]
[WhiteElo "1260"]
[BlackElo "1383"]
[PlyCount "25"]
[Result "1-0"]

1.e4 {hi good luck}  d6 {Good luck}  2.d4 Nf6 
3.Nc3 g6 4.Bg5 Bg7 5.Qd2 h6 6.Bh4 g5 7.Bg3 Nh5 
8.O-O-O Nd7 9.f4 e5 10.dxe5 Nxg3 11.hxg3 dxe5 
12.f5 Qe7 13.Nd5 1-0

[Event "HCL-B184"]
[Site "www.playchess.de"]
[Date "2001.03.07"]
[Round "25"]
[White "Stefan"]
[Black "German04"]
[WhiteElo "1383"]
[BlackElo "1222"]
[PlyCount "24"]
[Result "0-1"]

1.e4 e5 2.Nf3 Nc6 3.Bb5 a6 4.Ba4 Nf6 5.O-O Bd6 
6.Re1 O-O 7.c3 Nh5 8.Nxe5 Nxe5 9.Qxh5 Nd3 10.Rf1 
Qf6 11.Bc2 Nxc1 12.Rxc1 Qf4 0-1

[Event "HCL-C195"]
[Site "www.playchess.de"]
[Date "2001.03.07"]
[Round "3"]
[White "heZZZie"]
[Black "jijo"]
[WhiteElo "1462"]
[BlackElo "1000"]
[PlyCount "39"]
[Result "1-0"]

1.e4 e5 2.Nf3 Nc6 3.Bc4 Nf6 4.Ng5 d5 5.exd5 Nxd5 
6.Nxf7 Kxf7 7.Qf3+ Ke6 8.Nc3 Nce7 9.d4 exd4 
10.Nxd5 Nxd5 11.Qe4+ Kf6 12.Qxd4+ Kf7 13.Bxd5+ Ke8 
14.O-O Be7 15.Qxg7 Qxd5 16.Qxh8+ Kd7 17.Qxh7 Qc5 
18.Rd1+ Kc6 19.Qe4+ Kb5 20.Rd5 1-0

[Event "HCL-C195"]
[Site "www.playchess.de"]
[Date "2001.03.07"]
[Round "7"]
[White "Coney"]
[Black "sonnyspock"]
[WhiteElo "1034"]
[BlackElo "1139"]
[PlyCount "49"]
[Result "1-0"]

1.d4 {Hello}  e6 {Hi!}  2.e4 d5 3.exd5 exd5 4.c4 
dxc4 5.Bxc4 Bb4+ 6.Nc3 Nf6 7.Qe2+ Qe7 8.Qxe7+ Bxe7 
9.Be3 O-O 10.Nf3 b6 11.O-O Bb7 12.d5 Bd6 13.Bd4 
Nbd7 14.Rfe1 Bb4 15.Rad1 Bxc3 16.Bxc3 Rfe8 
17.Rxe8+ Rxe8 18.Bb5 a6 19.Bxd7 Nxd7 20.Nh4 Nf6 
21.Bxf6 gxf6 22.Nf5 Re5 23.g4 Bxd5 24.Rxd5 Re4 
25.Rd8+ 1-0